El estatuto docente: manual para directivos, docentes, padres, apoderados y estudiantes de pedagogía
Saved in:
| Hovedforfatter: | |
|---|---|
| Format: | Bog |
| Sprog: | spansk |
| Udgivet: |
Santiago
Mauricio Iván, Suazo Álvarez
2011
|
| Fag: | |
| Tags: |
Tilføj Tag
Ingen Tags, Vær først til at tagge denne postø!
|
MARC
| LEADER | 00000cam a2200000 a 4500 | ||
|---|---|---|---|
| 001 | UCF0980 | ||
| 003 | CL-VaPUC | ||
| 008 | 120614e20110000CL |||||||||||||||||spa|d | ||
| 082 | 0 | 4 | |a 344.83078 |b SUA |2 21 |
| 100 | 0 | |a Suazo Alvarez, Mauricio Iván |e author |9 562655 | |
| 245 | 1 | 3 | |a El estatuto docente: manual para directivos, docentes, padres, apoderados y estudiantes de pedagogía |
| 300 | |a 214 p | ||
| 942 | |c BK | ||
| 945 | |d 20120614 00:00:00 |a dcastane | ||
| 260 | |a Santiago |b Mauricio Iván, Suazo Álvarez |c 2011 | ||
| 650 | 0 | |a Estatuto docente |9 328892 | |
| 650 | 7 | |a DERECHO LABORAL |2 CL-VaPUC |9 15 | |
| 650 | 0 | |a Jurisprudencia |9 255952 | |
| 583 | |a last modification |c 20130325 04:44:12 |k Rodrigo Vera | ||
| 999 | |c 348008 |d 348006 | ||
| 952 | |0 0 |1 0 |4 0 |6 344_830780000000000_SUA_2011 |7 0 |8 A |9 449852 |a BIBEDU |b BIBEDU |d 2019-11-22 |i 4869400 |o 344.83078 SUA 2011 |p 4869400 |r 2019-11-22 |w 2019-11-22 |y BK |k EDU | ||
| 952 | |0 0 |1 0 |4 0 |6 344_830780000000000_SUA_2011 |7 0 |8 A |9 449853 |a BIBDER |b BIBDER |d 2019-11-22 |i 4869222 |o 344.83078 SUA 2011 |p 4869222 |r 2023-01-25 |w 2019-11-22 |y BK |k DER | ||
| 952 | |0 0 |1 0 |4 0 |6 344_830780000000000_SUA_2011 |7 0 |8 A |9 449854 |a BIBDER |b BIBDER |d 2019-11-22 |i 4869230 |o 344.83078 SUA 2011 |p 4869230 |r 2023-01-25 |w 2019-11-22 |y BK |k DER | ||
| 952 | |0 0 |1 0 |4 0 |6 344_830780000000000_SUA_2011 |7 0 |8 A |9 449855 |a BIBDER |b BIBDER |d 2019-11-22 |i 4978544 |o 344.83078 SUA 2011 |p 4978544 |r 2023-01-25 |w 2019-11-22 |y BK |k DER | ||